000 00492nam a2200181Ia 4500
008 151018s9999 xx 000 0 und d
082 _bRBASDV30256
_a891.463
100 _aहेमन कर्णिक
245 _aभेदी
250 _b1
260 _bचंद्रमौळी
_c1998
300 _a176
600 _aहेमन कर्णिक
630 _aभेदी
700 _aहेमन कर्णिक
730 _aभेदी
942 _cBOOK
999 _c1029792
_d1029789